000 01219nam a2200325 i 4500
003 EG-GICUC
005 20260508173755.0
008 260418s1970 fr ||||fr|||| 00| 0 fre d
040 _aEG-GiCUC
_bfre
_cEG-GiCUC
_dEG-GiCUC
_eRda
041 0 _afre
082 0 4 _221
_a343.1
_bBO . T
092 0 4 _221
099 _aLaw1 10 343.1 BO . T 2 ed - 1970
100 1 _aBouzat, Pierre
_eAuteur
245 1 0 _aTraité de droit pénal et de criminologie :
_bProcédure pénale, régime des mineurs, domaine des lois pénales dans le temps et dans l’espace ,
_nTome II /
_cpar Pierre Bouzat et Jean Pinatel.
250 _aDeuxième édition.
264 1 _aParis :
_bLibrairie Dalloz,
_c1970.
300 _a1822 page ;
_billustration ;
_c 24 cm.
336 _2rda contenu
_a texte
337 _2rda medias
_aOrdinateur
338 _2 transporteur rda
_a Ressource en ligne
504 _aComprend des références bibliographiques et un index.
546 _aTexte en français
650 1 _aDroit pénal — Procédure pénale — France
_2qrmak
651 1 _2qrmak
700 1 _aPinatel, Jean
_eCo-Auteur
856 4 0 _uhttps://fll.law.cu.edu.eg/fulltext/bks/B10-09936.pdf
905 _a74
942 _2ddc
_n0
_cBK
_e21
999 _c71673
_d71673